000 02519cam a22005054i 4500
003 PE-LiUPU
005 20250731173401.0
008 150706s2009 flu r 000 0 spa d
020 _a9780829753714
035 _a(Sirsi) i9780829753714
040 _aPE-LiUPU
_bspa
_cPE-LiUPU
_erda
049 _aPRUA
082 0 4 _a253.7
_bD75
_221
100 1 _aDonahue, Bill,
_eautor.
245 1 0 _aCómo liderar grupos pequeños que transformen vidas /
_cBill Donahue y el equipo de los grupos pequeños del Willow Creek.
264 1 _aMiami, Florida :
_bEdiciones Vida,
_c2009.
300 _a191 páginas ;
_c28 centímetros
336 _atext
_2rdacontent
337 _aunmediated
_2rdamedia
338 _avolume
_2rdacarrier
505 0 _aFilosofía de los grupos pequeños -- Liderazgo de los grupos pequeños -- Desarrollo de los líderes aprendices -- La vida en el grupo -- Cómo dirigir las reuniones -- Pastorear a los miembros -- Multiplicar tu ministerio -- Comienzo del trabajo de los grupos pequeños en tu iglesia -- Desarrollo de la preparación del líder de un grupo pequeño -- Evaluación del ministerio de los grupos pequeños de su iglesia -- Recursos
526 _aSEG42
526 _aSEG41
526 _aSEG40
526 _aSEG39
526 _aP94
526 _aP87
526 _aP86
526 _aP85
526 _aP77
526 _aP76
526 _aP35
541 _g001-0000507;
541 _g001-0000507;
650 0 4 _aGrupos pequeños
_xCristianismo.
650 0 4 _aLiderazgo cristiano.
910 _agl
_bjv
_cng
_d20110217
942 _2ddc
_cBOOK
949 _a253.7 D75
_wDEWEY
_c1
_i62656
_lCCODEBUL1
_mBUL
_p25.00
_r0
_sY
_tBOOK
_u2015-7-6
_xTEOLOGIA
_PP35
_0COMPRA
_o.STAFF. Colección Teología
949 _a253.7 D75
_wDEWEY
_c2
_i62655
_d2016-5-15
_e2016-5-15
_lCCODEBUL1
_mBUL
_n5
_p25.00
_r0
_sY
_tBOOK
_u2015-7-6
_xTEOLOGIA
_PP35
_0COMPRA
_o.STAFF. Colección Teología
994 _aC0
_bPEPRU
596 _a1
999 _a253.7 D75
_wDEWEY
_c51748
_i62656
_d51748
_e2018-1-26
_f2021-11-10
_g5
_lCCODEBUL1
_mBUL
_n1
_p25.00
_q3
_r0
_sY
_tBOOK
_u2015-7-6
_xTEOLOGIA
_PP35
_0COMPRA
_o.STAFF. Colección Teología
999 _a253.7 D75
_wDEWEY
_c2
_i62655
_d2017-11-7
_e2016-5-15
_f2021-11-10
_g5
_lCCODEBUL1
_mBUL
_n5
_p25.00
_q1
_r0
_sY
_tBOOK
_u2015-7-6
_xTEOLOGIA
_PP35
_0COMPRA
_o.STAFF. Colección Teología
980 _81
_gALBERTO SANCHEZ Responsable de Automatización